Las consultas diarias en pediatría / (Record no. 176401)
[ view plain ]
| 000 -LEADER | |
|---|---|
| campo de control de longitud fija | 00840nam a22002415i 4500 |
| 001 - NÚMERO DE CONTROL | |
| campo de control | 176401 |
| 003 - IDENTIFICADOR DE NÚMERO DE CONTROL | |
| campo de control | ES-MaACL |
| 005 - FECHA Y HORA DE LA ÚLTIMA TRANSACCIÓN | |
| campo de control | 20230906220053.0 |
| 008 - DATOS DE LONGITUD FIJA--INFORMACIÓN GENERAL | |
| campo de control de longitud fija | 110113s1964 sp a |||| | spa d |
| 080 ## - NÚMERO DE LA CLASIFICACIÓN DECIMAL UNIVERSAL | |
| Número de la Clasificación Decimal Universal | 616-053.2 |
| 100 0# - ENTRADA PRINCIPAL--NOMBRE DE PERSONA | |
| Nombre de persona | Seringe, Philippe. |
| 9 (RLIN) | 144708 |
| 245 14 - MENCIÓN DEL TÍTULO | |
| Título | Las consultas diarias en pediatría / |
| Mención de responsabilidad, etc. | por Philippe Seringe y Bernard Plainfossé ; versión española de J. C. Rodríguez Ferrera. |
| 260 ## - PUBLICACIÓN, DISTRIBUCIÓN, ETC. | |
| Lugar de publicación, distribución, etc. | Barcelona : |
| Nombre del editor, distribuidor, etc. | Toray-Masson, |
| Fecha de publicación, distribución, etc. | D. L. 1964. |
| 300 ## - DESCRIPCIÓN FÍSICA | |
| Extensión | XI, 232 p. : |
| Otras características físicas | il. bl. y n. ; |
| Dimensiones | 22 cm. |
| 490 1# - MENCIÓN DE SERIE | |
| Mención de serie | Las consultas diarias ; |
| Designación de volumen o secuencia | 5 |
| 500 ## - NOTA GENERAL | |
| Nota general | Índice. |
| 650 04 - PUNTO DE ACCESO ADICIONAL DE MATERIA--TÉRMINO DE MATERIA | |
| Término de materia o nombre geográfico como elemento de entrada | Pediatría. |
| 9 (RLIN) | 136672 |
| 700 1# - ENTRADA AGREGADA--NOMBRE PERSONAL | |
| Nombre de persona | Plainfossé, Bernard. |
| 9 (RLIN) | 144709 |
| 700 0# - ENTRADA AGREGADA--NOMBRE PERSONAL | |
| Nombre de persona | Rodríguez Ferrera, J. C. |
| 9 (RLIN) | 144710 |
| 830 0# - PUNTO DE ACCESO ADICIONAL DE SERIE-TÍTULO UNIFORME | |
| Título uniforme | Las consultas diarias ; |
| Designación de volumen o secuencia | 5 |
| 9 (RLIN) | 190025 |
| 852 ## - LOCALIZACIÓN | |
| Ubicación | ES-MaACL |
| Número de control de estantería | E-14034 |
| Encuadernación | Olim P-210-Ter |
| Estatus retirado | Estado de pérdida | Estado de daño | No para préstamo | Biblioteca de origen | Biblioteca actual | Ubicación en estantería | Fecha de adquisición | Fuente de adquisición | Total de préstamos | Signatura topográfica completa | Código de barras | Visto por última vez | Precio de reemplazo | Tipo de ítem Koha |
|---|---|---|---|---|---|---|---|---|---|---|---|---|---|---|
| Biblioteca del Ateneo de Madrid | Biblioteca del Ateneo de Madrid | Depósito 2 | 13/01/2011 | E-14034 | 1185259 | 23/02/2023 | 23/02/2023 | Libro impreso |
